Scottish residential land report (Record no. 107507)

MARC details
000 -LEADER
fixed length control field 00970cam a22001935a 4500
001 - CONTROL NUMBER
control field E140469
008 - FIXED-LENGTH DATA ELEMENTS--GENERAL INFORMATION
fixed length control field 070806s2007 xxk f 000 0 eng d
035 ## - SYSTEM CONTROL NUMBER
System control number (Sirsi) u140469
041 0# - LANGUAGE CODE
Language code of text/sound track or separate title eng
050 04 - LIBRARY OF CONGRESS CALL NUMBER
Classification number 333.3309411 $2 18
110 2# - MAIN ENTRY--CORPORATE NAME
Corporate name or jurisdiction name as entry element Savills Research
9 (RLIN) 5211
245 00 - TITLE STATEMENT
Title Scottish residential land report
Remainder of title summer 2007
Medium [electronic resource]
260 ## - PUBLICATION, DISTRIBUTION, ETC.
Place of publication, distribution, etc. London
Name of publisher, distributor, etc. Savills Research
Date of publication, distribution, etc. 2007
520 ## - SUMMARY, ETC.
Summary, etc. Reports that the average growth per annum on both greenfield and urban land has exceeded the Great Britain average and forecasts that in Scotland greenfield and urban land value growth will exceed the national forecast of 8% and 3% respectively over 2007, reporting that urban land value growth over the first half of 2007 has already exceeded the national forecast.
651 #4 - SUBJECT ADDED ENTRY--GEOGRAPHIC NAME
Geographic name Scotland
Chronological subdivision 1999-
690 ## - LOCAL SUBJECT ADDED ENTRY--TOPICAL TERM (OCLC, RLIN)
Topical term or geographic name as entry element Residential property
9 (RLIN) 6266
856 40 - ELECTRONIC LOCATION AND ACCESS
Uniform Resource Identifier <a href="https://www.savills.com/research/">https://www.savills.com/research/</a>
Public note View the article free of charge at www.savills.co.uk...
942 ## - ADDED ENTRY ELEMENTS (KOHA)
Suppress in OPAC 0
Holdings
Withdrawn status Lost status Source of classification or shelving scheme Damaged status Not for loan Home library Current library Shelving location Date acquired Total Checkouts Full call number Barcode Date last seen Copy number Price effective from Koha item type
    Dewey Decimal Classification     Virtual Virtual Online 16/01/2008   ONLINE PUBLICATION 140469-1001 06/08/2019 1 06/08/2019 Book